| 000 | 01217nam a2200289Ia 4500 | ||
|---|---|---|---|
| 999 |
_c5314 _d5314 |
||
| 003 | OSt | ||
| 005 | 20200527131701.0 | ||
| 008 | 191128s9999 xx 000 0 und d | ||
| 020 | _a8475306640 | ||
| 040 |
_aCO-JMCR _cCO-JMCR |
||
| 041 | 1 |
_aspa _heng |
|
| 082 | 0 | 4 |
_a330 / _bS187e1 _223 |
| 100 | 1 |
_aSamuelson, Paul A., _eautor _91065 |
|
| 245 | 1 | 0 |
_aEconomía desde el corazón : _bun muestrario de Samuelson / _cPaul A. Samuelson ; recopilación y notas introductorias por Maryann O. Keating |
| 260 |
_aBarcelona : _bOrbis, impresió, _c1988 |
||
| 300 |
_a250 páginas ; _c20 cm. |
||
| 490 | 0 |
_aBiblioteca de economía ; _v9 |
|
| 505 | 0 | _aEsperanzas realistas respecto a la economía y a la democracia -- Elecciones difíciles para mantener el crecimiento -- Los méritos del mercado -- Renta y riqueza -- Claves de la prosperidad económica en Estados Unidos y en el extranjero | |
| 534 | _pEconomics from the hearth: a samuelson sampler | ||
| 546 | _aTraducido del inglés | ||
| 650 | 1 | 4 |
_aEconomía y democracia _94747 |
| 650 | 1 | 4 |
_aEconomía _94748 |
| 650 | 1 | 4 |
_aPolítica fiscal _94749 |
| 650 | 1 | 4 |
_aPolítica monetaria _92242 |
| 700 | 1 |
_aKeating, Maryann O., recopiladora _94750 |
|
| 942 |
_2ddc _cBK |
||